书目信息 |
| 题名: |
历史背景下的英美文学发展透视
|
|
| 作者: | 李兰兰 , 张婧 , 刘佳 主编 | |
| 分册: | ||
| 出版信息: | 长春 吉林出版集团股份有限公司 2019.5 |
|
| 页数: | 397页 | |
| 开本: | 26cm | |
| 丛书名: | ||
| 单 册: | ||
| 中图分类: | I561.06 , I712.06 | |
| 科图分类: | ||
| 主题词: | 英国文学--ying guo wen xue--文学研究 , 文学研究--wen xue yan jiu--美国 | |
| 电子资源: | ||
| ISBN: | 978-7-5581-6802-4 | |
| 000 | 01263nam0 2200289 450 | |
| 001 | 2131762072 | |
| 005 | 20210930094429.0 | |
| 010 | @a978-7-5581-6802-4@dCNY98.00 | |
| 100 | @a20191016d2019 em y0chiy50 ea | |
| 101 | 0 | @achi |
| 102 | @aCN@b220000 | |
| 105 | @ay a 000yy | |
| 106 | @ar | |
| 200 | 1 | @a历史背景下的英美文学发展透视@Ali shi bei jing xia de ying mei wen xue fa zhan tou shi@f李兰兰, 张婧, 刘佳主编 |
| 210 | @a长春@c吉林出版集团股份有限公司@d2019.5 | |
| 215 | @a397页@d26cm | |
| 320 | @a有书目 (第395-397页) | |
| 330 | @a本书以时间为线索, 分别从社会背景、小说、诗歌、戏剧、散文等方面对盎克鲁-撒克逊时期、中世纪时期、文艺复兴时期、17世纪至20世纪上半叶以及20世纪下半叶的英国文学和殖民地时期、独立革命时期、19世纪、20世纪上半叶以及20世纪下半叶的美国文学进行了详细分析。全书叙述脉络清楚, 逻辑严谨, 内容翔实, 语言简明扼要, 是一部能够为广大英美文学爱好者更为深入地了解英美文学发展情况提供良好途径的作品。 | |
| 606 | 0 | @a英国文学@Aying guo wen xue@x文学研究 |
| 606 | 0 | @a文学研究@Awen xue yan jiu@y美国 |
| 690 | @aI561.06@v5 | |
| 690 | @aI712.06@v5 | |
| 701 | 0 | @a李兰兰@Ali lan lan@4主编 |
| 701 | 0 | @a张婧@Azhang jing@4主编 |
| 701 | 0 | @a刘佳@Aliu jia@4主编 |
| 801 | 0 | @aCN@b百万庄@c20210930 |
| 905 | @b1304094-97@dI561.06@e1251@f4 | |
| 历史背景下的英美文学发展透视/李兰兰, 张婧, 刘佳主编.-长春:吉林出版集团股份有限公司,2019.5 |
| 397页;26cm |
| ISBN 978-7-5581-6802-4:CNY98.00 |
| 本书以时间为线索, 分别从社会背景、小说、诗歌、戏剧、散文等方面对盎克鲁-撒克逊时期、中世纪时期、文艺复兴时期、17世纪至20世纪上半叶以及20世纪下半叶的英国文学和殖民地时期、独立革命时期、19世纪、20世纪上半叶以及20世纪下半叶的美国文学进行了详细分析。全书叙述脉络清楚, 逻辑严谨, 内容翔实, 语言简明扼要, 是一部能够为广大英美文学爱好者更为深入地了解英美文学发展情况提供良好途径的作品。 |
| ● |
| 相关链接 |
|
|
|
|
正题名:历史背景下的英美文学发展透视
索取号:I561.06/1251
 
预约/预借
| 序号 | 登录号 | 条形码 | 馆藏地/架位号 | 状态 | 备注 |
| 1 | 1304094 | 213040948 | 第一样本阅览室/ [索取号:I561.06/1251] | 在馆 | |
| 2 | 1304095 | 213040957 | 第二借阅区/ [索取号:I561.06/1251] | 在馆 | |
| 3 | 1304096 | 213040966 | 第二借阅区/ [索取号:I561.06/1251] | 在馆 | |
| 4 | 1304097 | 213040975 | 第二借阅区/ [索取号:I561.06/1251] | 在馆 |